000 01460nam0a22003131 4500
001 rc\3319701
005 20250609175740.0
021 _aRU
_b[73-59785]
035 _a(NLR Aleph) 007419146
090 _a6897156
_c6897156
100 _a20130115d1973 |||y0rusy50 ca
101 1 _arus
_ckaz
102 _aRU
105 _ac z |||a|
200 1 _aСтихотворения и поэмы
_e[Перевод]
_fРед. стихотворных пер. С.В. Ботвинника
_gВступ. слово В.А. Рождественского
_gВступ. статьи, [с. 15-48 и 301-328], сост. и примеч. М.М. Каратаева и С.С. Кирабаева
210 _aЛенинград
_cСов. писатель. [Ленингр. отд-ние]
_d1973
215 _a678 с., 2 л. портр.
_d21
225 1 _aБиблиотека поэта
_eОсн. М. Горьким
_iБольшая серия
_e2-е изд.
_fРед. коллегия: Ф.Я. Прийма (гл. ред.) [и др.]
700 1 _aДжансугуров
_bИ.
_f1894-1937
_gИльяс
701 1 _aСейфуллин
_bС.
_gСакен
702 1 _aРождественский
_bВ.А.
_4080
702 1 _aКаратаев
_bМ.М.
_4080
_4220
_4212
702 1 _aКирабаев
_bС.С.
_4080
_4220
_4212
702 1 _aБотвинник
_bС.В.
_4340
801 0 _aRU
_bNLR
_gpsbo
801 1 _aRU
_bELAR
_2rusmarc
852 _aNLR
_j73-3/5317
942 _cBOOK
980 _aNB